|
|
|
|
| LEADER |
00000nam0a2200000 4500 |
| 001 |
164163 |
| 005 |
20231031161123.0 |
| 010 |
|
|
|a 5615010673
|
| 020 |
|
|
|a RU
|b 91-34720
|
| 035 |
|
|
|a (RuTPU)RU\TPU\book\178111
|
| 090 |
|
|
|a 164163
|
| 100 |
|
|
|a 20090902d1991 m y0rusy5003 ca
|
| 101 |
1 |
|
|a rus
|c eng
|
| 102 |
|
|
|a KZ
|
| 105 |
|
|
|a a z 000ay
|
| 200 |
1 |
|
|a Без денег ты мертвец
|e пер. с англ.
|f Д. Х. Чейз
|g сост. К. Ф. Кочкина
|
| 210 |
|
|
|a Алма-Ата
|c Казахстан
|d 1991
|
| 215 |
|
|
|a 296 с.
|c ил.
|
| 225 |
1 |
|
|a Остросюжетный англо-американский детектив
|v Вып. 2
|
| 333 |
|
|
|a Исключено из фонда НТБ ТПУ
|
| 423 |
|
|
|t Все началось в Омахе
|f Р. Стаут
|a Стаут, Рекс
|
| 700 |
|
1 |
|a Чейз
|b Д. Х.
|g Джеймс Хедли
|
| 702 |
|
1 |
|a Кочкина
|b К. Ф.
|4 220
|
| 801 |
|
0 |
|a RU
|b RuMRKP
|c 19950417
|g psbo
|
| 801 |
|
1 |
|a RU
|b 63413507
|c 20090902
|
| 801 |
|
2 |
|a RU
|b 63413507
|c 20220602
|g RCR
|
| 942 |
|
|
|c BK
|